[Event "Jan Macieja Memorial"]
[Site "Warsaw POL"]
[Date "2023.07.10"]
[Round "7.50"]
[White "Kovalevsky, Stanislav"]
[Black "Sternik, Piotr"]
[Result "1-0"]
[WhiteElo "2133"]
[BlackElo "1642"]
[EventDate "2023.07.10"]
[PlyCount "125"]

1.c4 Nf6 2.Nc3 c5 3.g3 Nc6 4.Bg2 d6 5.Nf3 e5 6.d3 Bg4 7.h3 Bd7 8.O-O a6 9.a3 
Be7 10.Rb1 a5 11.Bd2 O-O 12.Ne1 Qc8 13.Kh2 Nd4 14.e3 Ne6 15.b4 axb4 16.axb4 Rb8 
17.f4 exf4 18.exf4 Bc6 19.Nd5 Bxd5 20.cxd5 Nd4 21.Nc2 Nxc2 22.Qxc2 cxb4 23.Rfc1 
Qxc2 24.Rxc2 Rfc8 25.Rbc1 Rxc2 26.Rxc2 b3 27.Rb2 Nd7 28.Rxb3 Nc5 29.Ra3 h6 
30.d4 Nd7 31.Ra7 Bf6 32.Be3 Kf8 33.g4 g6 34.Kg3 Ke7 35.g5 hxg5 36.fxg5 Bg7 
37.h4 Nb6 38.Be4 Nc4 39.Bf2 Nd2 40.Bd3 Nb3 41.Ra4 b6 42.Rb4 Na5 43.Be1 Kd7 
44.Kf4 Kc7 45.Kf3 Re8 46.Bd2 Rb8 47.Be3 Nb7 48.Rc4+ Kd7 49.Bf1 Nd8 50.Bh3+ Ke8 
51.Rc7 Rb7 52.Rc8 b5 53.Bf1 b4 54.Ba6 Rb6 55.Bd3 b3 56.Rc1 Kd7 57.Rb1 Nb7 
58.Bc4 Na5 59.Bd3 Rb8 60.Ke2 b2 61.Kd2 Nb3+ 62.Kc3 Na1 63.Rxb2 1-0

[Event "Jan Macieja Memorial"]
[Site "Warsaw POL"]
[Date "2023.07.10"]
[Round "7.52"]
[White "Stefaniuk, Zbigniew"]
[Black "Wiech, Grzegorz"]
[Result "1-0"]
[WhiteElo "1684"]
[BlackElo "2131"]
[EventDate "2023.07.10"]
[PlyCount "31"]

1.Nf3 c5 2.c4 Nf6 3.Nc3 d5 4.cxd5 Nxd5 5.d4 g6 6.e4 Nxc3 7.bxc3 Bg7 8.Rb1 O-O 
9.Be2 Nc6 10.d5 Bxc3+ 11.Bd2 Bxd2+ 12.Qxd2 Na5 13.h4 h5 14.Qh6 f6 15.Qxg6+ Kh8 
16.Ng5 1-0

[Event "Jan Macieja Memorial"]
[Site "Warsaw POL"]
[Date "2023.07.10"]
[Round "7.53"]
[White "Makarewicz, Pawel"]
[Black "Obukhava, Anastasiya"]
[Result "0-1"]
[WhiteElo "2085"]
[BlackElo "1663"]
[EventDate "2023.07.10"]
[PlyCount "122"]

1.e4 d6 2.d4 Nf6 3.Nc3 Nc6 4.Nf3 e5 5.Bc4 Bg4 6.d5 Nd4 7.Be3 Nxf3+ 8.gxf3 Bd7 
9.Bg5 Be7 10.Qd2 h6 11.Be3 Nh5 12.Rg1 g5 13.O-O-O Nf4 14.Kb1 Bf6 15.Bb5 Bxb5 
16.Nxb5 a6 17.Nc3 Qd7 18.Ne2 O-O-O 19.c4 Be7 20.Ng3 Kb8 21.Nf5 Rde8 22.Rc1 Bd8 
23.Rc3 Ng6 24.Rb3 Ne7 25.Qb4 Qc8 26.Ng7 Reg8 27.Nh5 f5 28.Rc1 f4 29.Bd2 Rg6 
30.Qa4 Ka8 31.c5 dxc5 32.Rxc5 Qb8 33.Ra5 Qa7 34.Rc3 c6 35.Rac5 Bb6 36.R5c4 cxd5 
37.exd5 Rd6 38.Ng7 Rxd5 39.Bc1 Ra5 40.Qb3 Rb8 41.Ne6 Nd5 42.Rd3 Rb5 43.Qc2 Nb4 
44.Rxb4 Rxb4 45.Nc7+ Bxc7 46.Qxc7 Qb6 47.Qg7 Rc8 48.Qxe5 Rbc4 49.Bd2 R4c5 
50.Qe1 Rc2 51.Bc3 R2xc3 52.Rxc3 Rxc3 53.Qxc3 Qxf2 54.Qc8+ Ka7 55.Qc2 Qxf3 
56.Qc5+ Kb8 57.Qf8+ Kc7 58.Qg7+ Kb6 59.Qxh6+ Qc6 60.Qxg5 Qd6 61.h4 Qd1# 0-1

[Event "Jan Macieja Memorial"]
[Site "Warsaw POL"]
[Date "2023.07.10"]
[Round "7.54"]
[White "Kudlak, Julia"]
[Black "Zhuk, Ivan"]
[Result "1-0"]
[WhiteElo "1656"]
[BlackElo "2032"]
[EventDate "2023.07.10"]
[PlyCount "107"]

1.e4 e6 2.d4 d5 3.Nd2 c5 4.c3 Nc6 5.exd5 exd5 6.Bb5 Nf6 7.Ne2 Bd6 8.dxc5 Bxc5 
9.O-O O-O 10.Nf3 Bg4 11.Bxc6 bxc6 12.Ned4 Qd6 13.Qd3 Ne4 14.g3 Bb6 15.Bf4 Qf6 
16.Be5 Qg6 17.Bf4 Nxf2 18.Qxg6 Nh3+ 19.Kg2 Nxf4+ 20.gxf4 hxg6 21.Ne5 Bxd4 
22.Nxg4 Bf6 23.f5 g5 24.Nxf6+ gxf6 25.b3 Rfe8 26.Rae1 Kf8 27.Kf3 Rxe1 28.Rxe1 
Re8 29.Rxe8+ Kxe8 30.Ke3 Kd7 31.Kd4 Kd6 32.b4 a6 33.a4 Kd7 34.Kc5 Kc7 35.h3 Kd7 
36.Kb6 Kd6 37.Kxa6 Ke5 38.Kb6 Kxf5 39.a5 Ke4 40.a6 f5 41.a7 f4 42.a8=Q f3 
43.Qa1 f2 44.Qf1 Kf3 45.Kxc6 f5 46.Kxd5 g4 47.hxg4 fxg4 48.Kd4 g3 49.Kd3 g2 
50.Qe2+ Kg3 51.Qe3+ Kh2 52.Qxf2 Kh1 53.Qxg2+ Kxg2 54.b5 1-0

[Event "Jan Macieja Memorial"]
[Site "Warsaw POL"]
[Date "2023.07.10"]
[Round "7.55"]
[White "Derylo, Kamil"]
[Black "Wieckowski, Kamil"]
[Result "1-0"]
[WhiteElo "2026"]
[BlackElo "1608"]
[EventDate "2023.07.10"]
[PlyCount "76"]

1.e4 e5 2.Nf3 Nc6 3.Bc4 Bc5 4.c3 Qf6 5.O-O Nge7 6.d3 h6 7.a4 a6 8.Be3 Ba7 
9.Bxa7 Nxa7 10.Nbd2 Nac6 11.Re1 d6 12.Nf1 Be6 13.Qb3 Na5 14.Qa2 Nxc4 15.dxc4 
O-O 16.b3 a5 17.Ne3 c6 18.Rad1 Rad8 19.Qd2 Nc8 20.Qc2 g5 21.Nd2 Qg6 22.Nf5 Rfe8 
23.Re3 d5 24.Ng3 dxc4 25.Nxc4 Bxc4 26.bxc4 Rxd1+ 27.Qxd1 Qe6 28.Nf5 Ne7 
29.Nxe7+ Qxe7 30.Rh3 Kg7 31.Qb1 Rd8 32.g3 Rd7 33.Kg2 Qc5 34.Qe1 Qxc4 35.Qe3 Rd3 
36.Qb6 Qxe4+ 37.f3 Rd2+ 38.Kh1 Qxf3+ 1-0

[Event "Jan Macieja Memorial"]
[Site "Warsaw POL"]
[Date "2023.07.10"]
[Round "7.56"]
[White "Jaszczuk, Piotr"]
[Black "Kitewski, Bartosz"]
[Result "1-0"]
[WhiteElo "1627"]
[BlackElo "1944"]
[EventDate "2023.07.10"]
[PlyCount "63"]

1.e4 e6 2.d4 d5 3.Nd2 Nf6 4.e5 Nfd7 5.Bd3 c5 6.c3 Nc6 7.Ne2 cxd4 8.cxd4 f6 
9.exf6 Qxf6 10.Nf3 Bd6 11.Bg5 Qf7 12.Bh4 h6 13.Bg3 Bxg3 14.Nxg3 O-O 15.O-O e5 
16.dxe5 Ndxe5 17.Nxe5 Nxe5 18.Be2 Bd7 19.b4 a6 20.a4 Rad8 21.Qd4 Rfe8 22.b5 
axb5 23.axb5 Bc8 24.Rad1 Kh8 25.Rfe1 Qf6 26.Nh5 Qg6 27.Nf4 Qd6 28.Bh5 Re7 
29.Rxe5 Rxe5 30.Qxe5 Qb4 31.Ng6+ Kh7 32.Nf4 1-0

[Event "Jan Macieja Memorial"]
[Site "Warsaw POL"]
[Date "2023.07.10"]
[Round "7.57"]
[White "Ponikowski, Przemyslaw"]
[Black "Zeissel, Andrzej"]
[Result "0-1"]
[WhiteElo "1918"]
[BlackElo "1600"]
[EventDate "2023.07.10"]
[PlyCount "56"]

1.d4 f5 2.c4 Nf6 3.Nc3 d6 4.Nf3 g6 5.e3 Bg7 6.Bd3 O-O 7.O-O Nc6 8.d5 Nb4 9.Be2 
a5 10.Nd4 Na6 11.a4 Nc5 12.Nb3 Nfd7 13.Nd4 Nf6 14.Qc2 e5 15.dxe6 Nxe6 16.Ncb5 
Ne4 17.f3 N4c5 18.Ra3 c6 19.Nxe6 Nxe6 20.Nc3 Nc5 21.e4 fxe4 22.Nxe4 Bf5 23.Qd1 
Nxe4 24.fxe4 Bxe4 25.Rxf8+ Qxf8 26.Re3 Re8 27.Kh1 Qf2 28.Rg3 Bc2 0-1

[Event "Jan Macieja Memorial"]
[Site "Warsaw POL"]
[Date "2023.07.10"]
[Round "7.58"]
[White "Tsiapko, Andrii"]
[Black "Prus, Marek"]
[Result "1-0"]
[WhiteElo "1903"]
[BlackElo "1584"]
[EventDate "2023.07.10"]
[PlyCount "37"]

1.d4 Nf6 2.Nf3 g6 3.Nbd2 Bg7 4.e4 d6 5.Bc4 O-O 6.O-O Nc6 7.c3 e5 8.dxe5 Nxe5 
9.Nxe5 dxe5 10.Qc2 a5 11.a4 Ng4 12.h3 Nh6 13.Nf3 Kh8 14.Nxe5 f6 15.Bxh6 fxe5 
16.Bxg7+ Kxg7 17.Rad1 Qg5 18.Qd2 Rf4 19.Qd8 1-0

[Event "Jan Macieja Memorial"]
[Site "Warsaw POL"]
[Date "2023.07.10"]
[Round "7.59"]
[White "Smietanska, Wiktoria"]
[Black "Borowicz, Joachim"]
[Result "1/2-1/2"]
[WhiteElo "1886"]
[BlackElo "1568"]
[EventDate "2023.07.10"]
[PlyCount "139"]

1.c4 Nf6 2.Nc3 c6 3.e4 g6 4.e5 Ng8 5.d4 Bg7 6.f4 d6 7.Nf3 dxe5 8.fxe5 Bg4 9.Be2 
e6 10.h3 Bxf3 11.Bxf3 Ne7 12.g4 Nd7 13.Ne4 O-O 14.Be3 c5 15.Nxc5 Nxc5 16.dxc5 
Nc6 17.Bxc6 bxc6 18.Qxd8 Rfxd8 19.Rd1 Bxe5 20.b3 Kg7 21.Ke2 a5 22.Rxd8 Rxd8 
23.Rd1 Rxd1 24.Kxd1 Bc7 25.a3 Kf6 26.b4 axb4 27.axb4 Ke5 28.b5 cxb5 29.cxb5 Kd5 
30.c6 Ba5 31.Kc2 f5 32.gxf5 gxf5 33.Kb3 e5 34.Ka4 f4 35.Kxa5 fxe3 36.c7 e2 
37.c8=Q e1=Q+ 38.Ka6 Qa1+ 39.Kb7 e4 40.Qc6+ Ke5 41.Qe8+ Kf4 42.Qf7+ Kg3 43.Qb3+ 
Kf2 44.Qc2+ Kf3 45.b6 e3 46.Qf5+ Kg3 47.Qg5+ Kf3 48.Qg4+ Kf2 49.Qf4+ Ke2 
50.Qh2+ Kd3 51.Qd6+ Qd4 52.Qa3+ Qc3 53.Qd6+ Qd4 54.Qa3+ Qc3 55.Qd6+ Qd4 56.Qa3+ 
Kd2 57.Qa2+ Kd3 58.Qb1+ Kd2 59.Qa2+ Kd3 60.Qb3+ Qc3 61.Qd5+ Qd4 62.Qb3+ Qc3 
63.Qd5+ Qd4 64.Qb5+ Kd2 65.Qa5+ Qc3 66.Qd5+ Kc2 67.Qa2+ Kd3 68.Qd5+ Qd4 69.Qb3+ 
Qc3 70.Qd5+ 1/2-1/2

[Event "Jan Macieja Memorial"]
[Site "Warsaw POL"]
[Date "2023.07.10"]
[Round "7.60"]
[White "Mroczkowski, Adam"]
[Black "Lecki, Leonard"]
[Result "0-1"]
[WhiteElo "1631"]
[BlackElo "1879"]
[EventDate "2023.07.10"]
[PlyCount "90"]

1.e4 c5 2.Nf3 e6 3.d4 cxd4 4.Nxd4 a6 5.Nc3 Qc7 6.Be3 Bb4 7.Qd2 Nf6 8.f3 d5 
9.exd5 Nxd5 10.Nde2 Nxe3 11.Qxe3 O-O 12.a3 Bc5 13.Qe4 Rd8 14.Ng3 Nd7 15.Bd3 Nf6 
16.Qe2 b5 17.Nce4 Be7 18.O-O Bb7 19.Kh1 Rac8 20.Rad1 Nd5 21.c3 Nf4 22.Qe3 f5 
23.Nf2 Bc5 24.Qe1 Bxf2 25.Rxf2 Nxd3 26.Qxe6+ Kh8 27.Rff1 Nf2+ 28.Rxf2 Rxd1+ 
29.Nf1 Qc5 30.Kg1 Rcd8 31.b4 Qxc3 32.Qxf5 Qe3 33.g3 Qxa3 34.Kg2 Qxb4 35.Qf7 h6 
36.Ne3 R1d2 37.Qxb7 Rxf2+ 38.Kxf2 Qd2+ 39.Kf1 Qxe3 40.Kg2 Rd2+ 41.Kh3 Qe6+ 
42.g4 Qe5 43.Qc8+ Kh7 44.f4 Qe3+ 45.Kh4 Rxh2# 0-1

[Event "Jan Macieja Memorial"]
[Site "Warsaw POL"]
[Date "2023.07.10"]
[Round "7.61"]
[White "Sprzeczka, Emilia"]
[Black "Kaszuba, Michal"]
[Result "0-1"]
[WhiteElo "1876"]
[BlackElo "1564"]
[EventDate "2023.07.10"]
[PlyCount "146"]

1.e4 c5 2.c3 g6 3.d4 cxd4 4.cxd4 d5 5.e5 Nc6 6.Bb5 Bg7 7.Nf3 Bg4 8.h3 Bxf3 
9.Qxf3 e6 10.Nc3 Ne7 11.Bg5 O-O 12.Bxc6 bxc6 13.Bf6 Bxf6 14.Qxf6 Nf5 15.Qxd8 
Rfxd8 16.Ne2 Rab8 17.b3 Rb4 18.Rd1 Rc8 19.g4 Ne7 20.Rc1 a5 21.Kd2 a4 22.Kc3 
Rcb8 23.Rb1 axb3 24.axb3 Nc8 25.Nc1 Na7 26.Nd3 R4b6 27.Nc5 Nb5+ 28.Kd3 Ra8 
29.Ra1 Rbb8 30.f4 Kg7 31.Rhf1 Nc7 32.f5 Rxa1 33.Rxa1 gxf5 34.gxf5 exf5 35.Rg1+ 
Kh6 36.Ke3 Ne6 37.Rb1 Nxc5 38.dxc5 Rb4 39.Kf3 Kg7 40.Rg1+ Kf8 41.Rg5 Rxb3+ 
42.Kg2 Ke7 43.Rxf5 Rc3 44.Rh5 Rxc5 45.Rxh7 d4 46.Kf3 Rxe5 47.Rh6 c5 48.Rc6 Re3+ 
49.Kg2 Rc3 50.h4 c4 51.h5 d3 52.Rc7+ Kd6 53.Rc8 Kd7 54.Rc5 Ke6 55.Kf2 Rc2+ 
56.Ke1 c3 57.Rc6+ Kf5 58.h6 d2+ 59.Ke2 Rc1 60.Rd6 d1=Q+ 61.Rxd1 Rxd1 62.Kxd1 
Kg6 63.Kc2 Kxh6 64.Kxc3 Kg5 65.Kd2 Kf4 66.Ke2 Ke4 67.Kf2 Kf4 68.Ke2 f6 69.Kf2 
f5 70.Ke2 Kg3 71.Ke1 f4 72.Kf1 Kf3 73.Kg1 Ke2 0-1

[Event "Jan Macieja Memorial"]
[Site "Warsaw POL"]
[Date "2023.07.10"]
[Round "7.62"]
[White "Rzap, Filip"]
[Black "Rasmussen, Jonas H"]
[Result "1-0"]
[WhiteElo "1546"]
[BlackElo "1875"]
[EventDate "2023.07.10"]
[PlyCount "115"]

1.d4 d5 2.c4 c6 3.Nf3 Nf6 4.Nc3 a6 5.cxd5 cxd5 6.Bf4 Nc6 7.e3 Bg4 8.h3 Bh5 
9.Be2 e6 10.O-O Bd6 11.Ne5 Bxe2 12.Qxe2 O-O 13.Rac1 Rc8 14.Nxc6 Rxc6 15.Bxd6 
Qxd6 16.Na4 Nd7 17.Nc3 Rfc8 18.Rc2 Nb6 19.Rfc1 Nc4 20.Na4 h6 21.e4 b5 22.e5 Qc7 
23.Nc5 Nb6 24.Rc3 Nd7 25.Nxa6 Qb7 26.Rxc6 Rxc6 27.Rxc6 Qxc6 28.Nb4 Qc1+ 29.Kh2 
Qf4+ 30.g3 Qxd4 31.Nd3 Nb6 32.b3 Nd7 33.Qe3 Qc3 34.Qe2 d4 35.Kg2 Nc5 36.Nxc5 
Qxc5 37.Qd3 Qxe5 38.a4 bxa4 39.bxa4 Qc5 40.Kf3 e5 41.Ke2 Qd5 42.Qb5 Qe4+ 43.Kf1 
Qb1+ 44.Qxb1 f6 45.Qb8+ Kh7 46.a5 Kg6 47.a6 d3 48.Qb1 e4 49.Ke1 f5 50.a7 Kg5 
51.a8=Q f4 52.h4+ Kg4 53.Qc8+ Kf3 54.Qd1+ Kg2 55.gxf4 g5 56.Qcg4+ Kh2 57.Qg3+ 
Kh1 58.Kd2# 1-0

[Event "Jan Macieja Memorial"]
[Site "Warsaw POL"]
[Date "2023.07.10"]
[Round "8.1"]
[White "Kazakouski, Valery"]
[Black "Piorun, Kacper"]
[Result "1/2-1/2"]
[WhiteElo "2546"]
[BlackElo "2583"]
[EventDate "2023.07.10"]
[PlyCount "163"]

1.Nf3 g6 2.d4 Bg7 3.c4 d6 4.g3 Nf6 5.Bg2 O-O 6.O-O Ne4 7.Qc2 f5 8.Rd1 Qe8 9.b3 
Nc6 10.Bb2 e5 11.e3 Kh8 12.Nc3 Nxc3 13.Bxc3 a5 14.a3 Bd7 15.b4 axb4 16.axb4 e4 
17.Rxa8 Qxa8 18.Nd2 d5 19.b5 Ne7 20.Bb4 Re8 21.Bf1 Be6 22.Bxe7 Rxe7 23.cxd5 
Bxd5 24.Bc4 Qd8 25.Ra1 h5 26.Bxd5 Qxd5 27.Qc4 Qd8 28.Ra7 b6 29.Qc6 Kh7 30.Ra8 
Qd7 31.Qxd7 Rxd7 32.Nc4 Bf6 33.Ra7 Re7 34.d5 Kg7 35.Kf1 Kf7 36.Ke2 Ke8 37.d6 
cxd6 38.Rxe7+ Bxe7 39.Nxb6 Bd8 40.Nd5 Kd7 41.h4 g5 42.hxg5 Bxg5 43.f3 exf3+ 
44.Kxf3 h4 45.gxh4 Bxh4 46.Kf4 Bf2 47.Kxf5 Bg1 48.e4 Bd4 49.Kf4 Bc5 50.Kf3 Bd4 
51.Ke2 Bc5 52.Kd3 Bg1 53.Kc4 Bf2 54.Nb4 Ke6 55.Nd3 Bb6 56.Nf4+ Kd7 57.Kd5 Bg1 
58.Nd3 Kc7 59.Nb2 Kb6 60.Kc4 Kc7 61.Na4 Bf2 62.Kd5 Bg3 63.Nc3 Kb6 64.Kc4 Kc7 
65.Nd5+ Kd7 66.Kb4 Be1+ 67.Kb3 Bf2 68.Ka4 Ke6 69.Kb3 Ke5 70.Nc3 Bd4 71.Kc4 Bg1 
72.Kd3 Ke6 73.Ne2 Bc5 74.Nd4+ Ke5 75.Nc6+ Ke6 76.Nd4+ Ke5 77.Nc6+ Ke6 78.Kc4 
Bb6 79.Nb4 Bg1 80.Nc2 Ke5 81.Kd3 d5 82.exd5 1/2-1/2

[Event "Jan Macieja Memorial"]
[Site "Warsaw POL"]
[Date "2023.07.10"]
[Round "8.2"]
[White "Kowalski, Igor"]
[Black "Socko, Bartosz"]
[Result "1/2-1/2"]
[WhiteElo "2367"]
[BlackElo "2520"]
[EventDate "2023.07.10"]
[PlyCount "104"]

1.e4 e6 2.d4 d5 3.Nd2 Nf6 4.e5 Nfd7 5.Bd3 c5 6.c3 b6 7.Ne2 Ba6 8.Bxa6 Nxa6 9.f4 
Nc7 10.Nf3 f5 11.O-O Be7 12.Be3 O-O 13.h3 a5 14.g4 a4 15.Kg2 a3 16.b3 cxd4 
17.Nfxd4 Nc5 18.Ng3 Bh4 19.Nde2 Bxg3 20.Nxg3 Nb5 21.Rc1 Rc8 22.c4 dxc4 23.bxc4 
Na7 24.gxf5 exf5 25.Qd5+ Kh8 26.Bxc5 bxc5 27.Qxd8 Rcxd8 28.Rc3 Nc6 29.Rxa3 g5 
30.Ra6 gxf4 31.Rxc6 fxg3 32.Kxg3 Rd3+ 33.Rf3 f4+ 34.Kf2 Rd2+ 35.Ke1 Rxa2 36.e6 
Rb8 37.Rd6 Rb1+ 38.Rd1 Rbb2 39.Rxf4 Re2+ 40.Kf1 Kg7 41.Rf5 Rxe6 42.Rxc5 Ree2 
43.Rg5+ Kf6 44.Rg3 Rf2+ 45.Kg1 h5 46.Rf1 Rxf1+ 47.Kxf1 Rc2 48.Rf3+ Kg5 49.Kg1 
Rxc4 50.Kg2 Kh4 51.Rf2 Rd4 52.Re2 Rc4 1/2-1/2

[Event "Jan Macieja Memorial"]
[Site "Warsaw POL"]
[Date "2023.07.10"]
[Round "8.3"]
[White "Nasuta, Grzegorz"]
[Black "Karpus, Michal"]
[Result "1-0"]
[WhiteElo "2449"]
[BlackElo "2181"]
[EventDate "2023.07.10"]
[PlyCount "93"]

1.e4 e6 2.d4 d5 3.e5 c5 4.c3 Nc6 5.Nf3 Nh6 6.Bd3 Nf5 7.O-O cxd4 8.Bxf5 exf5 
9.Nxd4 Be6 10.Re1 Qd7 11.Qd3 Be7 12.Nd2 h6 13.f4 g5 14.N2b3 O-O-O 15.Be3 Rhg8 
16.a4 Rg6 17.Nxc6 Qxc6 18.Nd4 Qd7 19.Rf1 gxf4 20.Bxf4 Rdg8 21.Rf2 h5 22.Kh1 Kb8 
23.a5 a6 24.Raf1 Ka8 25.h3 Bh4 26.Rd2 Bg3 27.Qf3 h4 28.Bxg3 hxg3 29.Nxf5 Rh8 
30.Kg1 Rg5 31.Nxg3 Bxh3 32.Rxd5 Rxg3 33.Qxg3 Qxd5 34.gxh3 Qxa5 35.Kh2 Qb5 
36.Rf2 Re8 37.b4 Rxe5 38.Qg8+ Ka7 39.Qxf7 Qd3 40.Qf3 Re3 41.Qg4 Qxc3 42.Rg2 Rd3 
43.Re2 Rd4 44.Qg1 Qxb4 45.Re4 Qd2+ 46.Kh1 Qd1 47.Rxd4 1-0

[Event "Jan Macieja Memorial"]
[Site "Warsaw POL"]
[Date "2023.07.10"]
[Round "8.4"]
[White "Zochowski, Kacper"]
[Black "Gagare, Shardul"]
[Result "0-1"]
[WhiteElo "2262"]
[BlackElo "2482"]
[EventDate "2023.07.10"]
[PlyCount "82"]

1.Nf3 d5 2.c4 c6 3.e3 Nf6 4.Nc3 e6 5.Be2 Bd6 6.O-O O-O 7.b3 a6 8.Bb2 e5 9.d3 
Re8 10.h3 Qe7 11.e4 d4 12.Nb1 a5 13.Nbd2 a4 14.bxa4 Na6 15.Nb3 Nc5 16.a5 Na4 
17.Qc2 Nxb2 18.Qxb2 Bb4 19.Qc2 c5 20.Nfd2 Bd7 21.f4 exf4 22.Rxf4 Qe5 23.Raf1 
Ra6 24.Bd1 Qg5 25.Kh2 h5 26.Qb2 Bc3 27.Qc1 h4 28.R4f3 Nh5 29.Nb1 Qe5+ 30.Kg1 
Ng3 31.R1f2 Be1 32.Rxf7 Bxf2+ 33.Rxf2 Rf6 34.Bf3 Ref8 35.N1d2 Qg5 36.Qe1 Qe3 
37.Qb1 Bxh3 38.gxh3 Rxf3 39.Nxf3 Rxf3 40.Qc2 Qe1+ 41.Kg2 Qh1# 0-1

[Event "Jan Macieja Memorial"]
[Site "Warsaw POL"]
[Date "2023.07.10"]
[Round "8.5"]
[White "Sriram, Jha"]
[Black "Heberla, Bartlomiej"]
[Result "1/2-1/2"]
[WhiteElo "2221"]
[BlackElo "2450"]
[EventDate "2023.07.10"]
[PlyCount "127"]

1.d4 Nf6 2.Nf3 e6 3.c4 d5 4.Nc3 Nbd7 5.cxd5 exd5 6.Bg5 c6 7.e3 h6 8.Bh4 Be7 
9.Bd3 O-O 10.Qc2 Re8 11.O-O Ne4 12.Bxe7 Qxe7 13.Rae1 Ndf6 14.Ne5 Bf5 15.f3 Nxc3 
16.bxc3 Bxd3 17.Nxd3 b6 18.c4 dxc4 19.Qxc4 Rac8 20.e4 Nd7 21.Rd1 Red8 22.Rfe1 
Nf8 23.Nb4 Qd7 24.Qb3 Ng6 25.d5 c5 26.Nc6 Re8 27.Qa3 Rc7 28.Qc3 f6 29.Qb3 Kh8 
30.Qc3 Qd6 31.g3 Ne5 32.Nxe5 fxe5 33.f4 c4 34.Kg2 b5 35.a3 Rf7 36.f5 Rb7 37.Qb4 
Rd8 38.Rb1 Qb6 39.a4 a6 40.axb5 axb5 41.Ra1 Rc7 42.Rab1 Rb8 43.Rec1 Qe3 44.Re1 
Qd4 45.Rbd1 Qb6 46.d6 Rd7 47.Rd5 Ra8 48.Re2 Ra1 49.Rf2 Qe3 50.Qxb5 Qxe4+ 51.Kh3 
Rd8 52.d7 h5 53.f6 g5 54.f7 Rg1 55.f8=Q+ Rxf8 56.Rxf8+ Kg7 57.Rg8+ Kh7 58.Rh8+ 
Kg7 59.Rg8+ Kf7 60.Rf8+ Kg7 61.Rg8+ Kh7 62.Rh8+ Kg7 63.Rg8+ Kh7 64.Rh8+ 1/2-1/2

[Event "Jan Macieja Memorial"]
[Site "Warsaw POL"]
[Date "2023.07.10"]
[Round "8.6"]
[White "Cherniaiev, Tykhon"]
[Black "Bartel, Marta"]
[Result "1-0"]
[WhiteElo "2450"]
[BlackElo "1985"]
[EventDate "2023.07.10"]
[PlyCount "47"]

1.Nf3 Nf6 2.d4 g6 3.c4 Bg7 4.Nc3 d5 5.Bg5 O-O 6.Bxf6 Bxf6 7.cxd5 c6 8.dxc6 Nxc6 
9.e3 e5 10.d5 e4 11.Nxe4 Bxb2 12.dxc6 Qa5+ 13.Nfd2 Bf5 14.Rb1 Bg7 15.Rb5 Qc7 
16.Be2 bxc6 17.Rc5 Rfd8 18.Qc2 Qb6 19.Rc4 Be6 20.Rxc6 Qb4 21.O-O Bd5 22.Rc7 Be5 
23.Rc5 Rac8 24.Rxc8 1-0

[Event "Jan Macieja Memorial"]
[Site "Warsaw POL"]
[Date "2023.07.10"]
[Round "8.7"]
[White "Mis, Mieszko"]
[Black "Malicka, Maria"]
[Result "1-0"]
[WhiteElo "2369"]
[BlackElo "2168"]
[EventDate "2023.07.10"]
[PlyCount "85"]

1.d4 Nf6 2.c4 g6 3.Nc3 d5 4.Nf3 Bg7 5.cxd5 Nxd5 6.e4 Nxc3 7.bxc3 c5 8.Bb5+ Nc6 
9.Rb1 O-O 10.d5 a6 11.Be2 Bxc3+ 12.Bd2 Bxd2+ 13.Qxd2 Nd4 14.Nxd4 cxd4 15.Qxd4 
Qa5+ 16.Qd2 Qxd2+ 17.Kxd2 Rd8 18.Rhc1 e6 19.Bf3 f5 20.Rc5 fxe4 21.Bxe4 exd5 
22.Bf3 b5 23.Re1 Ra7 24.Re5 Kg7 25.Kd3 Bf5+ 26.Kd4 Be4 27.Be2 Bxg2 28.Rc6 Rf7 
29.Rxa6 Rxf2 30.Ra7+ Rf7 31.Ree7 Rxe7 32.Rxe7+ Kf6 33.Ra7 b4 34.Ra6+ Kg5 35.Ra4 
Rb8 36.Bd1 Re8 37.Bb3 Re4+ 38.Kc5 Re2 39.Rxb4 Be4 40.h4+ Kxh4 41.Bxd5 Rc2+ 
42.Kd6 Rxa2 43.Rxe4+ 1-0

[Event "Jan Macieja Memorial"]
[Site "Warsaw POL"]
[Date "2023.07.10"]
[Round "8.8"]
[White "Chylewski, Patryk"]
[Black "Sieciechowicz, Marcin"]
[Result "1/2-1/2"]
[WhiteElo "2226"]
[BlackElo "2294"]
[EventDate "2023.07.10"]
[PlyCount "110"]

1.d4 d5 2.c4 c6 3.cxd5 cxd5 4.Bf4 Nc6 5.e3 Nf6 6.Nc3 Bf5 7.Nf3 e6 8.Qb3 Bb4 
9.Ne5 O-O 10.Nxc6 Bxc3+ 11.Qxc3 bxc6 12.Ba6 Ne4 13.Qa3 g5 14.Bg3 Qb6 15.f3 Nxg3 
16.hxg3 e5 17.dxe5 Rfe8 18.f4 f6 19.O-O gxf4 20.gxf4 fxe5 21.Rae1 exf4 22.Rxf4 
Bg6 23.Rb4 Qc7 24.Rb7 Qe5 25.Qc3 Qxc3 26.bxc3 Re6 27.Rc7 Rae8 28.Bb7 Rxe3 
29.Rxe3 Rxe3 30.Rxc6 Be4 31.Rd6 Rd3 32.Kf2 Kg7 33.Ke2 Rxc3 34.Bxd5 Bxd5 35.Rxd5 
Rc2+ 36.Kf3 Rxa2 37.Rd7+ Kg6 38.Rd6+ Kf5 39.Rh6 a5 40.Rxh7 a4 41.Ra7 a3 42.Ra5+ 
Ke6 43.g3 Kd6 44.Kf4 Kc6 45.g4 Ra1 46.Kf5 Kb6 47.Ra8 Kb5 48.g5 Kb4 49.g6 Rg1 
50.Kf6 Kb3 51.g7 a2 52.Kf7 Kb2 53.g8=Q Rxg8 54.Kxg8 a1=Q 55.Rxa1 Kxa1 1/2-1/2

[Event "Jan Macieja Memorial"]
[Site "Warsaw POL"]
[Date "2023.07.10"]
[Round "8.9"]
[White "Baum, Jonasz"]
[Black "Ochedzan, Tymon"]
[Result "1-0"]
[WhiteElo "2277"]
[BlackElo "2149"]
[EventDate "2023.07.10"]
[PlyCount "105"]

1.d4 Nf6 2.c4 e6 3.Nc3 Bb4 4.g3 c5 5.Nf3 cxd4 6.Nxd4 Ne4 7.Qd3 Bxc3+ 8.bxc3 Nc5 
9.Qe3 b6 10.Bg2 Bb7 11.O-O Bxg2 12.Kxg2 O-O 13.a4 Nc6 14.Nb5 d5 15.Rd1 a6 
16.Nd4 dxc4 17.Ba3 Qd5+ 18.Nf3 Qh5 19.a5 Rfb8 20.axb6 Nb3 21.Rab1 Qb5 22.Qe4 
Rxb6 23.Rd7 Rd8 24.Qxc6 Rbb8 25.Rxd8+ Rxd8 26.Qxb5 axb5 27.Bb4 f5 28.Rb2 Kf7 
29.Ra2 Kf6 30.Ra7 Rd1 31.Be7+ Kg6 32.Ne5+ Kh6 33.Bb4 Rd2 34.e3 Nc1 35.Bf8 Nd3 
36.Bxg7+ Kh5 37.Nxd3 cxd3 38.Rd7 Kg6 39.Be5 Rd1 40.Rd6 Kf7 41.Rd7+ Kg6 42.h4 h5 
43.Rg7+ Kh6 44.Re7 d2 45.Rxe6+ Kh7 46.Rd6 Kg8 47.Bf4 Rc1 48.Rxd2 Rxc3 49.Rd5 b4 
50.Rxf5 b3 51.Rxh5 b2 52.Rb5 Rc2 53.Be5 1-0

[Event "Jan Macieja Memorial"]
[Site "Warsaw POL"]
[Date "2023.07.10"]
[Round "8.10"]
[White "Padalka, Artem"]
[Black "Kiolbasa, Oliwia"]
[Result "1-0"]
[WhiteElo "2073"]
[BlackElo "2269"]
[EventDate "2023.07.10"]
[PlyCount "60"]

1.Nf3 d5 2.c4 e6 3.g3 Nf6 4.Bg2 Be7 5.O-O O-O 6.d3 c5 7.Nc3 Nc6 8.e4 d4 9.Ne2 
e5 10.Nh4 Ne8 11.Nf5 Nd6 12.g4 g6 13.Nxe7+ Qxe7 14.g5 f5 15.gxf6 Qxf6 16.Bh6 
Rf7 17.Qd2 Bg4 18.f3 Be6 19.f4 Qe7 20.fxe5 Nxe5 21.Nf4 Bd7 22.Nd5 Qh4 23.Bg5 
Qg4 24.Nf6+ Rxf6 25.Rxf6 Ndf7 26.Bh6 Qh4 27.Rxf7 Nxf7 28.Bf4 Rf8 29.Bg3 Qg4 
30.Rf1 Ng5 1-0

[Event "Jan Macieja Memorial"]
[Site "Warsaw POL"]
[Date "2023.07.10"]
[Round "8.11"]
[White "Malek, Jan"]
[Black "Nesterenko, Kyrylo"]
[Result "1-0"]
[WhiteElo "2255"]
[BlackElo "1941"]
[EventDate "2023.07.10"]
[PlyCount "149"]

1.e4 c5 2.Nf3 d6 3.Bc4 Nf6 4.O-O Nc6 5.Re1 e6 6.c3 Be7 7.Bf1 O-O 8.d4 d5 9.e5 
Ne4 10.Nbd2 Nxd2 11.Bxd2 Qb6 12.Kh1 cxd4 13.cxd4 Qxb2 14.a4 Qb6 15.Rb1 Qd8 
16.Bd3 Bd7 17.Qc2 h6 18.Rxb7 Be8 19.Reb1 Rc8 20.Qb2 f6 21.exf6 Bxf6 22.Be3 Na5 
23.Rxa7 Nc4 24.Bxc4 Rxc4 25.a5 Bh5 26.Nd2 Rc7 27.Rxc7 Qxc7 28.Qb6 Qc3 29.Qxe6+ 
Kh8 30.Qxd5 Bg6 31.Rg1 Rd8 32.Qc5 Bxd4 33.Bxd4 Qxd4 34.Qxd4 Rxd4 35.Nb3 Rb4 
36.Nc5 Rb5 37.Na4 Rxa5 38.Nc3 Ra3 39.Ne2 Ra2 40.Nf4 Bf5 41.f3 g5 42.Nh5 g4 
43.Ng3 Be6 44.fxg4 Bxg4 45.Re1 h5 46.h3 Bd7 47.Nxh5 Bc6 48.Nf4 Rf2 49.Re6 Bb7 
50.Rf6 Bxg2+ 51.Kg1 Rb2 52.Nxg2 Rb3 53.h4 Kg7 54.Rf4 Kg6 55.Kh2 Kh5 56.Rf5+ Kg6 
57.Rg5+ Kh6 58.Nf4 Rf3 59.Rh5+ Kg7 60.Rf5 Rb3 61.h5 Kh6 62.Kg2 Ra3 63.Kf2 Rb3 
64.Re5 Ra3 65.Re3 Ra1 66.Rg3 Ra2+ 67.Kf3 Ra5 68.Rg6+ Kh7 69.Kg4 Rb5 70.Rc6 Ra5 
71.Ne6 Kh8 72.Ng5 Kg8 73.h6 Kf8 74.Rc8+ Ke7 75.h7 1-0

[Event "Jan Macieja Memorial"]
[Site "Warsaw POL"]
[Date "2023.07.10"]
[Round "8.12"]
[White "Bartel, Mateusz"]
[Black "Niezhentsev, Kyrylo"]
[Result "1-0"]
[WhiteElo "2529"]
[BlackElo "2151"]
[EventDate "2023.07.10"]
[PlyCount "63"]

1.Nf3 Nf6 2.b3 g6 3.Bb2 Bg7 4.e3 d5 5.d4 O-O 6.Nbd2 e6 7.Bd3 c5 8.dxc5 Nbd7 
9.b4 a5 10.a3 Qc7 11.O-O e5 12.e4 dxe4 13.Nxe4 Nxe4 14.Bxe4 f5 15.Bd5+ Kh8 
16.Re1 e4 17.Bxg7+ Kxg7 18.Qd4+ Nf6 19.Ng5 Rd8 20.c4 h6 21.Nh7 Qe7 22.Nxf6 Qxf6 
23.Qxf6+ Kxf6 24.b5 Rb8 25.f3 exf3 26.gxf3 Bd7 27.c6 bxc6 28.bxc6 Bxc6 29.Re6+ 
Kg5 30.Rxc6 Rb2 31.f4+ Kxf4 32.Rxg6 1-0

[Event "Jan Macieja Memorial"]
[Site "Warsaw POL"]
[Date "2023.07.10"]
[Round "8.13"]
[White "Kanarek, Marcel"]
[Black "Dzida, Kamil"]
[Result "1-0"]
[WhiteElo "2388"]
[BlackElo "2139"]
[EventDate "2023.07.10"]
[PlyCount "61"]

1.e4 e5 2.Nf3 Nc6 3.Bb5 a6 4.Ba4 Bc5 5.O-O Nge7 6.c3 Ba7 7.d4 Ng6 8.Bg5 f6 
9.Be3 O-O 10.Nbd2 Kh8 11.Re1 d6 12.h3 b5 13.Bb3 Nce7 14.Nf1 f5 15.dxe5 fxe4 
16.Ng5 Nxe5 17.Nxh7 Rf5 18.Ng5 d5 19.Nxe4 Qf8 20.Neg3 Rg5 21.Bxa7 Rxa7 22.h4 
Ng4 23.hxg5 Qxf2+ 24.Kh1 c5 25.Qf3 c4 26.Qxf2 Nxf2+ 27.Kg1 Nd3 28.Bc2 Nxe1 
29.Rxe1 a5 30.Ne3 b4 31.Nxd5 1-0